Statistics for Montreal Canadiens Captains

Click here to take the quiz!

General Stats

  • This quiz has been taken 12 times
  • The average score is 13 of 29

Answer Stats

Captain % Correct
Saku Koivu
83%
Jean Beliveau
83%
Max Pacioretty
83%
Maurice Richard
83%
Vincent Damphousse
75%
Toe Blake
75%
Brian Gionta
75%
Guy Carbonneau
67%
Henri Richard
58%
Chris Chelios
58%
Serge Savard
58%
Mike Keane
50%
Yvan Cournoyer
50%
Bob Gainey
50%
Doug Harvey
50%
Pierre Turgeon
42%
Bill Durnan
42%
Sylvio Mantha
42%
Newsy Lalonde
33%
Emile Bouchard
33%
Kirk Muller
33%
Jack Laviolette
33%
George Hainsworth
17%
Sprague Cleghorn
8%
Babe Siebert
8%
Jimmy Gardner
0%
Billy Coutu
0%
Walter Buswell
0%
Howard McNamara
0%

Score Distribution

Percentile by Number Answered

Percent of People with Each Score

Your Score History

You have not taken this quiz